000 00882cam a22002411 4500
001 ne 67001796
003 DLC
005 20260227111835.0
008 931013s1967 sy h b 000 0 ararc
010 _ane 67001796
035 _a(OCoLC)29000605
040 _aPrinceton Univ. Libr.
_cCU
_dDLC
050 0 0 _aBP195.J3
_bI17 1967
100 1 _aIbn Ḥanbal, Aḥmad ibn Muḥammad,
_d780-855.
245 1 3 _aal-Radd ʻalá al-Zanādiqah wa- al-Jahmiyah /
_cli-Aḥamad ibn Ḥanbal ; ḥaqqaqahu wa-qaddama lahu Muḥammad Fahr Shaqfah; wa-fī ḥashiyatihi risālah qayyimah li-Muḥammad Ḥāmid.
260 _aḤamāh :
_bMaktabat Ibn al-Haytham,
_c[1967]
300 _a98 p. :
_bfacsims. ;
_c22 cm.
504 _aBibliographical footnotes.
650 0 _aJahmīyah.
650 0 _aIslam
_xDoctrines.
700 1 _aḤāmid, Muḥammad.
740 0 _aShaqfah, Muḥammad Fahr.
999 _c49836
_d49836